| 000 | 00887nam a2200289Ia 4500 | ||
|---|---|---|---|
| 001 | A4830 | ||
| 003 | IT-RoPAU | ||
| 008 | 130308s9999 xx 000 0 und d | ||
| 040 | _aIT-RoPAU | ||
| 040 | _cIT-RoPAU | ||
| 041 | _aITALIANO | ||
| 100 | _aSantambrogio Marco | ||
| 100 | _gCodice Aut. SPICS: 35446 | ||
| 245 | _aW.V. Quine | ||
| 245 | _bIntroduzione Alla Filosofia Analitica del Linguaggio | ||
| 250 | _a1a ed. | ||
| 260 | _aROMA/BARI | ||
| 260 | _bLaterza | ||
| 260 | _c1992 [1° Ed.:1992 - Ed.Ling.Originale:1992] | ||
| 300 | _a"44 p. (prefazione: no ; testo: 44 [pagine: 179-222])" | ||
| 500 | _aDualismo Insostenibile. Guai della Necessità . Diversi Modi di Vedere Il Mondo o L'Indeterminatezza della Traduzione. Forma Canonica. Bibliografia. | ||
| 650 | _aSEMANTICA | ||
| 650 | _eCodice materia Spics: 3301 | ||
| 942 | _cBK | ||
| 957 | _71 | ||
| 999 |
_c78616 _d78616 |
||
| 999 | _g1 | ||